000 00542nac a22001691u 4500
082 _a621.8
_bAGA
090 _c2912
_d2912
100 _aAgarwal ,R.K.
245 _a Principles of Electrical machine design /
_cR.K.Agarwal.
250 _bRevised ed.
260 _aDelhi:2005.
_bS.K.Kataria and Sons,2005
_cc.2005
300 _a p.:
_bill;
_c25cm.
504 _aIncludes Index.
650 _aElectric machinery--Design and construction
700 _aAgarwal ,R.K.
942 _cNB
_k621.8AGA
999 _c2912
_d2912